000 00483nam a2200181Ia 4500
008 151202s9999||||xx |||||||||||||| ||und||
082 _bPNVM-19953
100 _aपारगांवकर वि.शं.
245 _aललाट.
260 _b---
260 _c0
300 _a0
600 _aपारगांवकर वि.शं.
630 _aललाट.
700 _aपारगांवकर वि.शं.
730 _aललाट.
942 _cBOOK
999 _c1285933
_d1285930